Lady Oscar : amori, segreti ed epiche battaglie /

Uloženo v:
Podrobná bibliografie
Hlavní autor: Castellazzi, Davide (Autor)
Médium: Kniha
Jazyk:italština
Vydáno: [Pavona] : Iacobelli, 2008
Edice:I love anime ; 3
Témata:
Tagy: Přidat tag
Žádné tagy, Buďte první, kdo vytvoří štítek k tomuto záznamu!

MARC

LEADER 00000nam a22000007i 4500
001 IT\ICCU\RML\0180088
003 ItRI
005 20260115232124.0
008 081128s2008 it |||||| ||||| |||||c
020 |a 9788862520195 
040 |b ita  |c importazione bologna sebina 
041 7 |a ita  |2 ISO-639-2 
082 |a 791.433  |9 CINEMA. TIPI DI PRESENTAZIONE  |2 21 
100 1 |a Castellazzi, Davide  |0 IT\ICCU\TSAV\021873  |4 aut 
245 1 0 |a Lady Oscar :  |b amori, segreti ed epiche battaglie /  |c Davide Castellazzi. 
260 |a [Pavona] :  |b Iacobelli,  |c 2008 
300 |a 125 p. :  |b ill. ;  |c 22 cm. 
650 7 |a Lady Oscar <disegni animati> 
650 7 |a Lady Oscar <disegni animati>  |x Libri per ragazzi  |2 scbi 
830 0 |a I love anime ;  |v 3  |0 IT\ICCU\RML\0180089 
942 |2 ddc  |c BK  |n 0 
952 |0 0  |1 0  |4 0  |6 F_791_433000000000000_CAS  |7 0  |9 20441  |a BO  |b BO  |d 2026-01-15  |i 13807  |l 0  |o F 791.433 CAS  |p BO13807  |r 2026-01-15 23:21:24  |w 2026-01-15  |x [Sebina 5] [1 v.]  |y BK  |z 1 v. 
999 |c 17446  |d 17446